000 00769cam a2200241 4500
001 ABS60044
008 090401t1998 xxu||||| |||| 00| 0 eng d
035 _a(Sirsi) u90891
041 _aeng
245 _aAlternative land use
260 _c1998
350 _a0
490 _aFarm Development Review
_v13(1) November 1998, 1-8(8) (LOAN)
520 _aThis issue includes articles on the need for professionalism when providing farm accommodation, farm accommodation charges, the rural property database and marketing farm produce.
650 _aALTERNATIVE LAND USE
650 _aFARM ACCOMMODATION
650 _aFARM PRODUCE
650 _aFARMING
650 _aRURAL PROPERTY DATABASE
690 _aRURAL PRACTICE
942 _n0
948 _c25/01/1999
999 _c97590
_d97590